Southville International School and Colleges
Your cart is empty.
  • Cart
  • Lists
    Public lists Eva Luna New books Lux_list list_1
    Your lists Log in to create your own lists
  • Log in to your account
  • Your cookies
  • Search history
Southville International School and Colleges
  • Advanced search
  • Recent comments
  • Most popular
  • Libraries

Log in to your account

Log in with GOOGLE


If you do not have an external account, but do have a local account, you can still log in:

  1. Home
  2. MARC view: Algebra :
Normal view MARC view ISBD view

Algebra : (Record no. 115811)

[ view plain ]
MARC details
000 -LEADER
fixed length control field 00566nam a22002057a 4500
003 - CONTROL NUMBER IDENTIFIER
control field OSt
005 - DATE AND TIME OF LATEST TRANSACTION
control field 20150924154243.0
008 - FIXED-LENGTH DATA ELEMENTS--GENERAL INFORMATION
fixed length control field 140506b xxu||||| |||| 00| 0 eng d
020 ## - INTERNATIONAL STANDARD BOOK NUMBER
International Standard Book Number 9780071079846
050 ## - LIBRARY OF CONGRESS CALL NUMBER
Classification number QA 152.2
Item number .M837 2010
100 ## - MAIN ENTRY--PERSONAL NAME
Personal name Dugopolski, Mark.
245 ## - TITLE STATEMENT
Title Algebra :
Remainder of title for college students /
Statement of responsibility, etc Mark Dugopolski.
250 ## - EDITION STATEMENT
Edition statement 5th edition.
260 ## - PUBLICATION, DISTRIBUTION, ETC. (IMPRINT)
Place of publication, distribution, etc New York :
Name of publisher, distributor, etc McGraw-Hill,
Date of publication, distribution, etc 2010.
300 ## - PHYSICAL DESCRIPTION
Extent xxxiv. 880 pages :
Other physical details illustrations ;
Dimensions 22 cm.
500 ## - GENERAL NOTE
General note Includes index.
650 ## - SUBJECT ADDED ENTRY--TOPICAL TERM
Topical term or geographic name as entry element Algebra.
942 ## - ADDED ENTRY ELEMENTS (KOHA)
Source of classification or shelving scheme Library of Congress Classification
Koha item type Books
Holdings
Withdrawn status Lost status Source of classification or shelving scheme Damaged status Home library Current library Shelving location Date acquired Sub Shelving location Total Checkouts Total Renewals Full call number Barcode Date last seen Date checked out Copy number Price effective from Koha item type Source of acquisition
    Library of Congress Classification   College Library College Library General Circulation Section 05/06/2014   3 12 QA 152.2 .M837 2010 C14346 05/15/2018 08/04/2015 1 05/06/2014 Books  
    Library of Congress Classification   College Library College Library General Circulation Section 09/24/2015   1 18 QA 152.2 .M837 2010 C20069 05/15/2018 08/12/2017   09/24/2015 Books Donation

Algebra :

APA

Dugopolski M., . (2010). Algebra. New York: McGraw-Hill.

Chicago

Dugopolski Mark, . 2010. Algebra. New York: McGraw-Hill.

Harvard

Dugopolski M., . (2010). Algebra. New York: McGraw-Hill.

MLA

Dugopolski Mark, . Algebra. New York: McGraw-Hill. 2010.

  • Place hold
  • Print
  • Cite
  • Add to your cart (remove)
  • Save record
    BIBTEX Dublin Core MARCXML MARC (non-Unicode/MARC-8) MARC (Unicode/UTF-8) MARC (Unicode/UTF-8, Standard) MODS (XML) RIS
  • More searches
    Search for this title in:
    Other Libraries (WorldCat) Other Databases (Google Scholar) Online Stores (Bookfinder.com) Open Library (openlibrary.org)

Exporting to Dublin Core...

SOUTHVILLE LIBRARY

Southville International School and Colleges Library

1281 Tropical Ave. Cor. Luxembourg St., BF Homes International, Las Pinas City

Tel. No. 8256374 / 252358 Loc. 117/146

Powered by Koha